LEADER 01526nam a2200301 u 4500 001 000000018670 003 CaOOAMICUS 005 20070226110712.0 008 950120s1942 it c u000 u ita u 035 $a10443390 040 $aPUL$bita 100 1 $aMantese, Giovanni,$csac.$0(OLS)http://pul/name/16564 245 10$aPietro Tamburini e il giansenismo bresciano /$ccon prefazione e un'appendice bibliografica di Mons. Paolo Guerrini. 260 $aBrescia :$bAncora,$c1942. 300 $axvi, 253, [3] p. :$bant.(ritr.) ;$c25 cm 490 1 $aMonografie di storia bresciana e arte bresciana ;$vv. 21 500 $aMemorie storiche della diocesi di Brescia, ser. XI - MCMXLII". 504 $aBibliografia a pié pagina e saggio bibliografico cronologico di Mons. P. Guerrini p. 219-249 600 14$aTamburini, Pietro,$csac.,$d1737-1827.$0(OLS)http://pul/subject/12781 650 4$aGiansenismo$zItalia.$0(OLS)http://pul/subject/6863 651 4$aBrescia$xStoria ecclesiastica$ySec. XVIII.$0(OLS)http://pul/subject/12782 830 0$aMonografie di storia bresciana e arte bresciana ;$vv. 21.$0(OLS)http://pul/title/9223 850 $aPUL 852 $aPUL$W1$xDP1 Fondo Maccarrone$y58$m1504 B 26$j26289$nBK-PRI$b $qFondi$B26289$CPULBib$Z2$F26289 $H $81 941 1 $a1 961 $aINV: 01177 -- Fondo Mons. M. Maccarrone 996 $6245$aPietro Tamburini e il giansenismo bresciano$9(OLS)http://pul/title/26554 996 $6260$aBrescia :$bAncora$9(OLS)http://pul/publisher/55855 LEADER 01520naa a2200277 u 4500 001 000000096198 003 CaOOAMICUS 005 20150114150331.0 008 040723s1984 it u000 u ita u 035 $a11005440 040 $aIAR$bita 100 1 $aMaccarrone, Michele,$csac.,$d1910-1993.$0(OLS)http://pul/name/6448 245 11$a"Cura animarum" e "parochalis sacerdos" nelle costituzioni del IV concilio lateranense (1215) :$bApplicazioni in Italia nel sec. XIII /$cMichele Maccarrone. 260 $aRoma :$bHerder,$c1984. 300 $aS. 81-196 p.$c24 cm 611 24$aConcilium Lateranense$n(4 :$d1215).$0(OLS)http://pul/subject/2762 650 4$aParrocchie$zItalia$ySec. XIII.$0(OLS)http://pul/subject/30455 773 0 $aPievi e parrocchie in Italia nel Basso Medioevo (sec. XIII-XV)$gv. 1. 773 0 $aConvegno di storia della Chiesa in Italia.$tPievi e parrocchie in Italia nel basso medioevo : Atti del VI Convegno di storia della Chiesa in Italia (Firenze 21-25 sett. 1981)$w()17607 850 $aPUL 852 $aPUL$W1$xDP1 Fondo Capitani$y116$m3 B 59$j162964$qFondi$B162750$CPULBib$Z2$F162750 $HCap828 $82 941 1 $a1 960 $aConcilio Lateranense$n(4 :$d1215)$92762 961 $aNota ms. di possesso : Capitani 996 $6245$a"Cura animarum" e "parochalis sacerdos" nelle costituzioni del IV concilio lateranense (1215) :$bApplicazioni in Italia nel sec. XIII$9(OLS)http://pul/title/123074 996 $6260$aRoma :$bHerder$9(OLS)http://pul/publisher/47913